Democratic National Convention Candidates: 1832-1900 - Statistics

General Stats
  • This quiz has been taken 23 times
  • The average score is 49 of 96
Answer Stats
Convention Rounds Max. Votes^ Answer % Correct
1868 (New York) President 1-3 65 Andrew Johnson
100%
1860 (Baltimore) Vice President Herschel Johnson
100%
1832 (Baltimore) Vice President 1 26 Richard M. Johnson
100%
1835 (Baltimore) Vice President 1 178 Richard M. Johnson
100%
1844 (Baltimore) President 1-5 38 Richard M. Johnson
100%
1832 (Baltimore) President 1 By acclamation Andrew Jackson
89%
1884 (Chicago) President 1-2 683 Grover Cleveland
89%
1888 (St. Louis) President Unanimous Grover Cleveland
89%
1892 (Chicago) President 1 617.33 Grover Cleveland
89%
1844 (Baltimore) President 8-9 266 James K. Polk
89%
1832 (Baltimore) Vice President 1 208 Martin Van Buren
89%
1835 (Baltimore) President 1 265 Martin Van Buren
89%
1840 (Baltimore) President 1 By acclamation Martin Van Buren
89%
1844 (Baltimore) President 1-8 146 Martin Van Buren
89%
1864 (Chicago) President Unanimous George McClellan
78%
1852 (Baltimore) President 4-45 92 Stephen Douglas
78%
1856 (Cincinnati) President 1-16 122 Stephen Douglas
78%
1860 (Baltimore) President 1-2 181.5 Stephen Douglas
78%
1896 (Chicago) President 1-5 652 William Jennings Bryan
78%
1900 (Kansas City) President Unanimous William Jennings Bryan
78%
1892 (Chicago) Vice President 1 652 Adlai Stevenson
67%
1900 (Kansas City) Vice President 1 559.5 Adlai Stevenson
67%
1852 (Baltimore) President 46-49 282 Franklin Pierce
67%
1856 (Cincinnati) President 1-14 122.5 Franklin Pierce
67%
1864 (Chicago) Vice President 2 26 George Washington Cass
67%
1872 (Baltimore) President Unanimous Horace Greeley
67%
1868 (New York) President 22-23 317 Horatio Seymour
67%
1844 (Baltimore) President 6-7 26 James Buchanan
67%
1848 (Baltimore) President 1-4 55 James Buchanan
67%
1852 (Baltimore) President 1-34 104 James Buchanan
67%
1856 (Cincinnati) President 1-17 296 James Buchanan
67%
1872 (Baltimore) Vice President 1 6 John Stevenson
67%
1844 (Baltimore) President 1-8 123 Lewis Cass
67%
1844 (Baltimore) Vice President 2 39 Lewis Cass
67%
1848 (Baltimore) President 1-4 179 Lewis Cass
67%
1852 (Baltimore) President 1-48 131 Lewis Cass
67%
1856 (Cincinnati) President 15-16 6 Lewis Cass
67%
1876 (St. Louis) President 1-2 534 Samuel J. Tilden
67%
1848 (Baltimore) Vice President 1 26 William Rufus King
67%
1852 (Baltimore) Vice President 1-2 277 William Rufus King
67%
1868 (New York) President 2-22 144.5 Winfield Scott Hancock
67%
1876 (St. Louis) President 1-2 77 Winfield Scott Hancock
67%
1880 (Cincinnati) President 1-2 705 Winfield Scott Hancock
67%
1884 (Chicago) President 1 88 Allen G. Thurman
56%
1888 (St. Louis) Vice President 1 684 Allen G. Thurman
56%
1896 (Chicago) Vice President 1, 3-5 568 Arthur Sewall
56%
1868 (New York) Vice President 1 317 Francis Preston Blair
56%
1844 (Baltimore) Vice President 3 220 George M. Dallas
56%
1864 (Chicago) Vice President 1-2 226 George Pendleton
56%
1868 (New York) President 1-18 156.5 George Pendleton
56%
1868 (New York) President 20-21 19 James English
56%
1852 (Baltimore) Vice President 2 11 Jefferson Davis
56%
1856 (Cincinnati) Vice President 1-2 296 John C. Breckenridge
56%
1860 (Baltimore) President 1-2 7.5 John C. Breckenridge
56%
1880 (Cincinnati) Vice President Unanimous William H. English
56%
1872 (Baltimore) Vice President 1 713 Benjamin Gratz Brown
44%
1868 (New York) President 7-22 145.5 Thomas Hendricks
44%
1876 (St. Louis) President 1-2 140.5 Thomas Hendricks
44%
1876 (St. Louis) Vice President 1 730 Thomas Hendricks
44%
1880 (Cincinnati) President 1-2 49.5 Thomas Hendricks
44%
1884 (Chicago) President 2 123.5 Thomas Hendricks
44%
1884 (Chicago) Vice President 816 Thomas Hendricks
44%
1848 (Baltimore) Vice President 1-2 254 William Butler
44%
1868 (New York) President 19 22 Asa Parker
33%
1892 (Chicago) President 1 114 David B. Hill
33%
1900 (Kansas City) Vice President 1 200 David B. Hill
33%
1888 (St. Louis) Vice President 1 101 Isaac Gray
33%
1892 (Chicago) Vice President 1 185 Isaac Gray
33%
1888 (St. Louis) Vice President 1 36 John C. Black
33%
1848 (Baltimore) Vice President 1 74 John Quitman
33%
1856 (Cincinnati) Vice President 1 60 John Quitman
33%
1844 (Baltimore) Vice President 1-3 56 Levi Woodbury
33%
1848 (Baltimore) President 1-4 56 Levi Woodbury
33%
1852 (Baltimore) Vice President 1 30 Solomon Downs
33%
1835 (Baltimore) Vice President 1 87 William C. Rives
33%
1852 (Baltimore) President 1-3, 35-48 98 William Marcy
33%
1892 (Chicago) President 1 103 Horace Boies
22%
1832 (Baltimore) Vice President 1 49 Phillip B. Barbour
22%
1880 (Cincinnati) President 1-2 153.5 Thomas F. Bayard
22%
1884 (Chicago) President 1-2 170 Thomas F. Bayard
22%
1900 (Kansas City) Vice President 1 89.5 Charles Towne
11%
1860 (Baltimore) President 1-2 9 James Guthrie
11%
1864 (Chicago) Vice President 1 65.5 James Guthrie
11%
1848 (Baltimore) Vice President 2 11 James Iver McKay
11%
1896 (Chicago) President 1-5 291 Richard Bland
11%
1896 (Chicago) Vice President 2-3 294 Richard Bland
11%
1892 (Chicago) Vice President 1 62 Allen Morse
0%
1896 (Chicago) Vice President 4-5 54 John Daniel
0%
1844 (Baltimore) Vice President 2-3 93 John Fairfield
0%
1896 (Chicago) Vice President 1-5 298 John McLean
0%
1852 (Baltimore) Vice President 1 28 John Weller
0%
1896 (Chicago) Vice President 1-2 163 Joseph C. Sibley
0%
1864 (Chicago) Vice President 1 32.5 Lazarus Powell
0%
1856 (Cincinnati) Vice President 1 33 Linn Boyd
0%
1896 (Chicago) President 1-5 100 Robert Pattison
0%
1868 (New York) President 1, 4-6 34 Sanford Church
0%
No matching quizzes found
Score Distribution
Percent of People with Each Score
Percentile by Number Answered
Your Score History
You have not taken this quiz